000
00302nam a2200097Ia 4500
008
171204s9999 xx 000 0 und d
245
_a
Fundamental Accounting Principles:
245
_c
Barbara Chiappetta, John Wild, and Ken Shaw
260
_c
2014
856
_u
http://down.ebook777.com/063/0077862279.pdf
999
_c
345780
_d
345780